Entry Personal Name
Number of records used in: 1
001 - CONTROL NUMBER
003 - CONTROL NUMBER IDENTIFIER
005 - DATE AND TIME OF LATEST TRANSACTION
- control field:
20191226143217.0
008 - FIXED-LENGTH DATA ELEMENTS
- fixed length control field:
860812n| acannaab| |n aad
010 ## - LIBRARY OF CONGRESS CONTROL NUMBER
- LC control number:
n 86845725
040 ## - CATALOGING SOURCE
- Original cataloging agency:
DLC
- Transcribing agency:
DLC
- Modifying agency:
Uk
100 1# - HEADING--PERSONAL NAME
- Personal name:
Sounderpandian, Jayavel
670 ## - SOURCE DATA FOUND
- Source citation:
nuc86-73875: Author's Multiattribute value functions for perfect ... 1983
- Information found:
(hdg. on OKentU rept.: Sounderpandian, Jayavel; usage: Jayavel Sounderpandian)